An introduction to extension delivery systems / (Record no. 8968)
[ view plain ]
| 000 -LEADER | |
|---|---|
| fixed length control field | 00525nam a22001937a 4500 |
| 003 - CONTROL NUMBER IDENTIFIER | |
| control field | SISC |
| 005 - DATE AND TIME OF LATEST TRANSACTION | |
| control field | 20160203152603.0 |
| 008 - FIXED-LENGTH DATA ELEMENTS--GENERAL INFORMATION | |
| fixed length control field | 130626t xxu||||| |||| 00| 0 eng d |
| 020 ## - INTERNATIONAL STANDARD BOOK NUMBER | |
| International Standard Book Number | 9711007088 |
| 050 ## - LIBRARY OF CONGRESS CALL NUMBER | |
| Classification number | S 544 |
| Item number | .V162 1987 |
| 082 ## - DEWEY DECIMAL CLASSIFICATION NUMBER | |
| Classification number | FIL 338.16 |
| Item number | In8 1987 |
| 100 ## - MAIN ENTRY--PERSONAL NAME | |
| Personal name | Valera, Jaime B. |
| 9 (RLIN) | 7028 |
| 245 ## - TITLE STATEMENT | |
| Title | An introduction to extension delivery systems / |
| Statement of responsibility, etc | Valera marinez Plopino. |
| 260 ## - PUBLICATION, DISTRIBUTION, ETC. (IMPRINT) | |
| Place of publication, distribution, etc | Manila : |
| Name of publisher, distributor, etc | Island, |
| Date of publication, distribution, etc | c1987. |
| 300 ## - PHYSICAL DESCRIPTION | |
| Extent | 188 p. : |
| Dimensions | 23 cm. |
| 942 ## - ADDED ENTRY ELEMENTS (KOHA) | |
| Source of classification or shelving scheme | Library of Congress Classification |
| Koha item type | Books |
| Withdrawn status | Lost status | Source of classification or shelving scheme | Damaged status | Home library | Current library | Shelving location | Date acquired | Total Checkouts | Full call number | Barcode | Date last seen | Copy number | Price effective from | Koha item type |
|---|---|---|---|---|---|---|---|---|---|---|---|---|---|---|
| Library of Congress Classification | Luxembourg Library | Luxembourg Library | High School Section | 08/22/2013 | S 544 .V162 1987 | 0995 | 08/22/2013 | 1 | 08/22/2013 | Books | ||||
| Library of Congress Classification | Luxembourg Library | Luxembourg Library | High School Section | 08/22/2013 | S 544 .V162 1987 | 2057 | 05/25/2015 | 2 | 08/22/2013 | Books | ||||
| Library of Congress Classification | Luxembourg Library | Luxembourg Library | Filipiniana Section | 01/10/2014 | S 544 .V162 1987 | 13239 | 01/10/2014 | 3 | 01/10/2014 | Books |